Trade unions and politics in India (Record no. 1446769)

MARC details
000 -LEADER
fixed length control field 00548nam a2200205Ia 4500
005 - DATE AND TIME OF LATEST TRANSACTION
control field 20250923145055.0
008 - FIXED-LENGTH DATA ELEMENTS--GENERAL INFORMATION
fixed length control field 008 250917s9999 xx 000 0 eng d
037 ## - SOURCE OF ACQUISITION
Stock number Textual
040 ## - CATALOGING SOURCE
Original cataloging agency DSWL
Language of cataloging eng
Transcribing agency DSWL
041 ## - LANGUAGE CODE
Language code of text/sound track or separate title eng
Source of code eng
084 ## - COLON CLASSIFICATION NUMBER
Assigning agency DSWL
100 ## - MAIN ENTRY--PERSONAL NAME
Personal name Crouch, Harold
9 (RLIN) 831510
245 #0 - TITLE STATEMENT
Title Trade unions and politics in India
Statement of responsibility, etc. by Harold Crouch
260 ## - PUBLICATION, DISTRIBUTION, ETC.
Place of publication, distribution, etc. Bombay
Name of publisher, distributor, etc. Manaktals & Sons Pvt. Ltd.
Date of publication, distribution, etc. 1966
300 ## - PHYSICAL DESCRIPTION
Extent 61p.
365 ## - TRADE PRICE
Price type code INR
Price amount 28.00
925 ## -
-- 28.00
942 ## - ADDED ENTRY ELEMENTS (KOHA)
Koha item type Textual
Holdings
Withdrawn status Lost status Damaged status Not for loan Home library Current library Date acquired Total Checkouts Barcode Date last seen Price effective from Koha item type
        Department of Social Work Library Department of Social Work Library 2025-09-23   SW0012370 2025-09-23 2025-09-23 Textual
Copyright @ Delhi University Library System